01010aab a2200205 i 4500001001000000003001000010005001700020008004100037040001900078041000800097100002400105245006800129300008300197520035100280653001300631773012300644942000800767945001200775999001700787768714001CO-MdFUSB20250726121557.0240326t1992 ag ||||| |||| 00| 0 spa d bspacCO-MdFUSB aspa1 aRooy, Sidneyeautor13aLa llegada de los hugonotes a Florida (parte I)c/ Sidney Rooy  aVolumen 11, número 3 (julio - septiembre, 1992), páginas: 26 - 28c; 27 cm aun Informe enviado desde México al Rey Felipe II rezaba: "puesto que son luteranos... no es necesario dejar a nadie con vida, sino imponerles un castigo ejemplar, que puedan recordarlo por siempre" Se denominan "hugonotes" a los protestantes franceses que eran seguidores de Juan Calvino, el reformador francés exiliado por su fe en Ginebra.  aHugonote0 tIglesia y Misión049402959656gVolumen 11, número 3 (julio - septiembre, 1992), páginas: 26 - 28qpáginas: 26 cANA aJTF-925 c51971d51971